La Meilleure collection de chansons Francaises : La plus récente et complète collection des chansons les plus connues.

Nội dung CD bao gồm 20 bài hát hát tiếng Pháp mang đến cho tất cả những người nói tiếng Pháp và yêu nước pháp ở Việt Nam một cơ hội bất ngờ để bổ sung vào bộ sưu tập các bài hát của mình....

Celý popis

Uloženo v:
Podrobná bibliografie
Médium: Kniha
Jazyk:Undetermined
Vydáno: Tp.Hồ Chí Minh Trẻ 2004
Témata:
Tagy: Přidat tag
Žádné tagy, Buďte první, kdo otaguje tento záznam!
Thư viện lưu trữ: Trung tâm Học liệu Trường Đại học Cần Thơ
LEADER 01020nam a2200205Ia 4500
001 CTU_141812
008 210402s9999 xx 000 0 und d
020 |c 20000 
082 |a 781.63 
082 |b M513/Vol.2 
245 0 |a La Meilleure collection de chansons Francaises : 
245 0 |b La plus récente et complète collection des chansons les plus connues. 
245 0 |c Nguyễn Văn Phước, Vũ Tài Hoa, First News Biên dịch 
260 |a Tp.Hồ Chí Minh 
260 |b Trẻ 
260 |c 2004 
520 |a Nội dung CD bao gồm 20 bài hát hát tiếng Pháp mang đến cho tất cả những người nói tiếng Pháp và yêu nước pháp ở Việt Nam một cơ hội bất ngờ để bổ sung vào bộ sưu tập các bài hát của mình. 
650 |a Songs, french,Popular music,Nhạc tiếng Pháp,Nhạc nổi tiếng 
904 |i Tuyến 
980 |a Trung tâm Học liệu Trường Đại học Cần Thơ